Регионална библиотека "Любен Каравелов" - Русе

Музикално-фолклорни диалекти в България (Запис номер 120254)

MARC детайли
000 -Лидер
Контролно поле с фиксирана дължина 01911nam a2200457 c 4500
003 - Код на организацията, давaща контролен номер
Контролно поле BLK
005 - Дата и час на последна редакция
Контролно поле 20241207151649.0
008 - Елементи от данни с фиксирана дължина
fixed length control field 180409b bul|||||r ||||||| ||bul||
010 ## - Наследен системен номер
LC control number KNG00125870000
040 ## - Източник на каталожния запис
Идентификатор на билиотеката - собственик на записа BLK
041 ## - Код за език
Код за езика на текст/звукозапис или на отделно заглавие Български
Код за езика КДБФ Български
080 ## - УДК
Текстов определител УДК Народни песни - исторически, хороводни, обичайни
УДК код - определител по УДК 784.4
УДК определител (497.2)
УДК - код + определител 784.4(497.2)
080 ## - УДК
Текстов определител УДК Теория и форми на националната музика на отделните народи
УДК код - определител по УДК 781.7
УДК определител (497.2)
УДК - код + определител 781.7(497.2)
100 1# - Редна дума - Автор
Автор Стоин, Елена Василева
Авторска отговорност първи автор
R(LIN) 376858
139 ## - Редно поле
Редна дума Стоин, Елена Василева
Авторски знак Стоин - С 81
245 10 - Сведения за заглавието
Заглавие Музикално-фолклорни диалекти в България
Редно поле (дума) Елена Василева Стоин.
257 ## - Страна на издаване
Страна на създаване/издаване България
260 ## - Област на издателските данни
-- София
Име на издателя, разпространителя и проч. Музика
Година на издаване 1981
300 ## - Физическа характеристика
Страници 372 с.
Илюстрации и др. с ноти
Размери/Мащаб 20 см
380 ## - Жанр
Жанр Изкуство
500 ## - Общи забележки
Забележка Библиогр. под линия. - Списък на съкр.
650 #0 - Допълнително описание по предмет – тема
Основно описание – тема или топоним Музика, народна
9 (RLIN) 300830
650 #4 - Допълнително описание по предмет – тема
Основно описание – тема или топоним Песни, народни, български
9 (RLIN) 296522
651 #4 - Допълнително описание по предмет - топоним
Географско понятие България
9 (RLIN) 241624
653 ## - Ключова дума – ненормативна
Ключова дума фолклорни области
653 ## - Ключова дума – ненормативна
Ключова дума фолклорни диалекти
653 ## - Ключова дума – ненормативна
Ключова дума българска музика
653 ## - Ключова дума – ненормативна
Ключова дума народна музика
653 ## - Ключова дума – ненормативна
Ключова дума Добруджа
653 ## - Ключова дума – ненормативна
Ключова дума Тракия
653 ## - Ключова дума – ненормативна
Ключова дума Родопи
653 ## - Ключова дума – ненормативна
Ключова дума Северозападна България
653 ## - Ключова дума – ненормативна
Ключова дума Североизточна България
653 ## - Ключова дума – ненормативна
Ключова дума Пирински край
852 ## - Местоположение
Форматна сигнатура Цб 108819
856 4# - Електронен адрес и достъп
Електронен формат pdf - файл
Път до файла /url/
856 4# - Електронен адрес и достъп
Електронен формат pdf - файл
Път до файла /url/
942 ## - АРТИКУЛИ
Вид на библиотечния материал Книги
Скрит в OPAC Не
Koha issues (borrowed), all copies 1
944 ## - СЪЗДАВАНЕ И РЕДАКЦИЯ на ЗАПИСА
Създаване/Редакция Създаване
Дата на регистрацията/редакция 10.10.2011
Статус, дата на статуса Геновева Генчева
Служител, извършил регистрацията/редакцията 30560
944 ## - СЪЗДАВАНЕ И РЕДАКЦИЯ на ЗАПИСА
Създаване/Редакция Редакция
Дата на регистрацията/редакция 30.09.2015
Статус, дата на статуса 10.10.2011 - от С1,Р / 10.10.2011
Служител, извършил регистрацията/редакцията
999 ## - СИСТЕМНИ КОНТРОЛНИ НОМЕРА
Koha biblionumber 120254
Koha biblioitemnumber 120254
Наличности
Код за отписване Код за изгубен артикул Източник на класификационната схема Код за повреда Коз за рестрикции Код за отдаване Артикулен № Име на библиотеката - собственик Име на библиотеката, в която се намира в момента Статус (Текущо местоположение) Дата на вписване в системата Местоположение - отдел Цена в лева Инвентарен номер Систематично азбучна сигнатура Баркод Номер на екземпляра Цена в евро Служебна бележка Служебен тип на артикула
  Не е изгубен Universal Decimal Classification Не е повреден без рестрикции заемане за дома 194180 Регионална библиотека "Любен Каравелов" Русе Регионална библиотека "Любен Каравелов" Русе Отдел Изкуство - подръчен фонд 1981-01-01 Отдел Изкуство - подръчен фонд 2.82 329948 784.4/С 81 120000329948 1 1.44 Дост: Pk Вид: Ф N: стар фонд Дата: 01.01.1981 Дата инв: 21.06.2012 Бележки инв: * Книги
Изтеглен Не е изгубен Universal Decimal Classification Не е повреден без рестрикции заемане за дома 194181 Регионална библиотека "Любен Каравелов" Русе Регионална библиотека "Любен Каравелов" Русе Отдел Изкуство - подръчен фонд 1981-01-01 Отдел Изкуство - подръчен фонд 2.82 329947 784.4/С 81 329947 2 1.44 N: стар фонд Дата: 01.01.1981 Дата инв: 06.04.2017 Бележки инв: ИП2017 Книги
Изтеглен Не е изгубен Universal Decimal Classification Не е повреден без рестрикции заемане за дома 194182 Регионална библиотека "Любен Каравелов" Русе Регионална библиотека "Любен Каравелов" Русе Отдел Изкуство - подръчен фонд 1981-01-01 Отдел Изкуство - подръчен фонд 2.82 331308 784.4/С 81 331308 3 1.44 N: стар фонд Дата: 01.01.1981 Дата инв: 04.04.2017 Бележки инв: ИП2017 Книги
  Не е изгубен Universal Decimal Classification Не е повреден без рестрикции заемане за дома 194183 Регионална библиотека "Любен Каравелов" Русе Регионална библиотека "Любен Каравелов" Русе Отдел Изкуство - подръчен фонд 1981-01-01 Отдел Изкуство - подръчен фонд 2.82 331309 784.4/С 81 120000331309 4 1.44 N: стар фонд Дата: 01.01.1981 Дата инв: 06.04.2017 Бележки инв: ИП2017 Книги
  Не е изгубен Universal Decimal Classification Не е повреден само за читалня ползва се в читалня 194184 Регионална библиотека "Любен Каравелов" Русе Регионална библиотека "Любен Каравелов" Русе Хранилище 1981-01-01 Хранилище 2.82 328570 Цб 108819 120000328570 5 1.44 N: стар фонд Дата: 01.01.1981 Книги
Vip Innovations Ltd, Rousse, Bulgaria 2025